000 00604cam a22001817a 4500
008 180718b2009 xxu||||| |||| 00| 0 eng d
020 _a9788125033882
082 _aA99 G151/G155
245 _aRethinking Gandhi and nonviolent relationality:global perspectives
_cEdited by Debjani Ganguly and John Docker
260 _aNew Delhi
_bOrient Blackswan
_c2009
300 _a353p.
650 _aCivil disobedience
650 _aNonviolence
650 _aGandhi, Mahatma, 1869-1948 -- Influence
650 _aGandhi, Mahatma, 1869-1948 -- Teachings
700 _aDocker, John
700 _aGanguly, Debjani
999 _c443448
_d443448